000 00213nam a2200085 4500
001 1254876
005 20251127130409.0
245 _aKRAL ŞAKİR
_cHALUK CAN DİZDAROĞLU- ÖZGÜR ÖCALAN
260 _bİKİ A YAYINCILIK
999 _c1254876
_d1254876